Statistiken für Top 15 Länder mit Covid-19-Todesfällen - 29. März 2021

Klicken Sie hier um das Quiz zu spielen!

Allgemein

  • Dieses Quiz wurde 20 mal gespielt
  • Das Durchschnittsergebnis liegt bei 18 aus 25

Antwortstatistiken

Land% Korrekt
Brasilien
100%
Deutschland
100%
Vereinigte Staaten
100%
Italien
95%
Mexiko
95%
Argentinien
89%
Indien
89%
Russland
89%
Spanien
89%
Vereinigtes Königreich
89%
Frankreich
84%
Tschechien
79%
Polen
74%
Slowakei
74%
Südafrika
68%
Kolumbien
63%
Peru
63%
Slowenien
63%
Belgien
53%
Iran
53%
Portugal
53%
Ungarn
47%
Bosnien und
Herzegowina
32%
Bulgarien
26%
Nordmazedonien
26%

Verteilung der Resultate

Perzentil nach korrekt beantworteten Fragen

Anzahl Personen mit jedem Resultat

Ihre Resultats-Entwicklung

Sie haben dieses Quiz noch nicht gespielt